Southville International School and Colleges
Your cart is empty.
  • Cart
  • Lists
    Public lists Eva Luna New books Lux_list list_1
    Your lists Log in to create your own lists
  • Log in to your account
  • Your cookies
  • Search history
Southville International School and Colleges
  • Advanced search
  • Recent comments
  • Most popular
  • Libraries

Log in to your account

Log in with GOOGLE


If you do not have an external account, but do have a local account, you can still log in:

  1. Home
  2. MARC view: Starting your business /
Normal view MARC view ISBD view

Starting your business / (Record no. 25584)

[ view plain ]
MARC details
000 -LEADER
fixed length control field 00741nam a22002417a 4500
005 - DATE AND TIME OF LATEST TRANSACTION
control field 20140310183630.0
008 - FIXED-LENGTH DATA ELEMENTS--GENERAL INFORMATION
fixed length control field 131116b xxu||||| |||| 00| 0 eng d
020 ## - INTERNATIONAL STANDARD BOOK NUMBER
International Standard Book Number 9781606491355
050 ## - LIBRARY OF CONGRESS CALL NUMBER
Classification number HD 62.5
Item number .D928 2010
100 ## - MAIN ENTRY--PERSONAL NAME
Personal name Dunung, Sanjyot P.
245 ## - TITLE STATEMENT
Title Starting your business /
Statement of responsibility, etc Sanjyot P.Dunung.
260 ## - PUBLICATION, DISTRIBUTION, ETC. (IMPRINT)
Place of publication, distribution, etc New York :
Name of publisher, distributor, etc Business Expert Press Inc.,
Date of publication, distribution, etc 2010
300 ## - PHYSICAL DESCRIPTION
Extent 94 p. :
Other physical details ill.
440 ## - SERIES STATEMENT/ADDED ENTRY--TITLE
Title Entrepreneurship and small business management collection.
504 ## - BIBLIOGRAPHY, ETC. NOTE
Bibliography, etc Includes Index.
521 ## - TARGET AUDIENCE NOTE
Target audience note
650 ## - SUBJECT ADDED ENTRY--TOPICAL TERM
Topical term or geographic name as entry element New business enterprises
General subdivision Management.
650 ## - SUBJECT ADDED ENTRY--TOPICAL TERM
Topical term or geographic name as entry element Entrepreneurship.
650 ## - SUBJECT ADDED ENTRY--TOPICAL TERM
Topical term or geographic name as entry element New business enterprises / Management.
942 ## - ADDED ENTRY ELEMENTS (KOHA)
Source of classification or shelving scheme Library of Congress Classification
Koha item type Books
Call number prefix Foreign
Holdings
Withdrawn status Lost status Source of classification or shelving scheme Damaged status Home library Current library Shelving location Date acquired Source of acquisition Total Checkouts Full call number Barcode Date last seen Copy number Price effective from Koha item type
    Library of Congress Classification   College Library College Library General Circulation Section 11/16/2013 Donation   HD 62.5 .D928 2010 C17113 05/15/2018 1 11/16/2013 Books
    Library of Congress Classification   College Library College Library General Circulation Section 11/18/2013 Donation   HD 62.5 .D928 2010 C17144 05/15/2018 2 11/18/2013 Books

Starting your business /

APA

Dunung S. P., . (2010). Starting your business. New York: Business Expert Press Inc.

Chicago

Dunung Sanjyot P, . 2010. Starting your business. New York: Business Expert Press Inc.

Harvard

Dunung S. P., . (2010). Starting your business. New York: Business Expert Press Inc.

MLA

Dunung Sanjyot P, . Starting your business. New York: Business Expert Press Inc. 2010.

  • Place hold
  • Print
  • Cite
  • Add to your cart (remove)
  • Save record
    BIBTEX Dublin Core MARCXML MARC (non-Unicode/MARC-8) MARC (Unicode/UTF-8) MARC (Unicode/UTF-8, Standard) MODS (XML) RIS
  • More searches
    Search for this title in:
    Other Libraries (WorldCat) Other Databases (Google Scholar) Online Stores (Bookfinder.com) Open Library (openlibrary.org)

Exporting to Dublin Core...

SOUTHVILLE LIBRARY

Southville International School and Colleges Library

1281 Tropical Ave. Cor. Luxembourg St., BF Homes International, Las Pinas City

Tel. No. 8256374 / 252358 Loc. 117/146

Powered by Koha